000 01749cam a2200445 a 4500
001 8499
003 FISKH
005 20250916093530.0
008 090122s2009 caua j 001 0 eng
010 _a 2009000390
020 _a9781595667427
_qhardcover
020 _a1595667423
_qhardcover
020 _a9781595667090
_qpbk.
020 _a9781741834987
020 _a1595667091
_qpbk.
035 _a15594599
035 _a(OCoLC)299381214
037 _a1308796
_bQBI
040 _aDLC
_cDLC
_dTXSCH
_dDLC
_beng
050 0 0 _aQL544.2
_b.D45 2009
082 0 0 _a595.78/9156
_222
100 1 _aDe la Bédoyère, Camilla.
245 1 0 _aCaterpillar to butterfly /
_cCamilla de la Bédoyère.
260 _aLondon :
_bQEB,
_c2009.
300 _a24 pages :
_bcolor illustrations ;
_c25 cm
490 1 _aLifeCycles
500 _aIncludes index.
504 _aIncludes bibliographical references and index.
505 0 _aWhat is a butterfly? -- The story of a butterfly -- A new life begins -- The eggs hatch -- Staying alive -- Making a pupa -- A butterfly appears -- Butterfly life -- A long journey.
505 0 _aP
520 8 _aLearn what happens from a caterpillar to a butterfly in this book that is packed with fantastic facts about their life cycle. Amazing photographs show children the processes that butterflies go through on their way to being fully grown.
521 8 _a600
_bLexile estimate
521 8 _aP
_bRaz-Plus
650 0 _aButterflies
_xLife cycles
_vJuvenile literature.
650 1 _aButterflies
_xLife cycles.
655 7 _aLiterature.
_2lcgft
_0https://id.loc.gov/authorities/genreForms/gf2014026415
906 _a7
_bcbc
_corignew
_d1
_eecip
_f20
_gy-gencatlg
942 _2ddc
_cBK
_n0
999 _c8499
_d8499